000 00327nam a2200109 4500
082 _a621381 020 2 R632c
100 _aRobinson Vester
245 _aConceptos sobre electricidad /Vester Robinson
260 _aMexico : Centro regional de ayuda tecnica
300 _a252p/25cm.
650 _a1.UN MANUAL PROGRAMADO DE AUTO ENSEƑANZA
999 _c24698
_d24698